Watershed management : case studies (Record no. 191865)
[ view plain ]
| 000 -LEADER | |
|---|---|
| fixed length control field | 00452nam a2200169Ia 4500 |
| 005 - DATE AND TIME OF LATEST TRANSACTION | |
| control field | 20250407095624.0 |
| 008 - FIXED-LENGTH DATA ELEMENTS--GENERAL INFORMATION | |
| fixed length control field | 231217s9999 xx 000 0 und d |
| 020 ## - INTERNATIONAL STANDARD BOOK NUMBER | |
| International Standard Book Number | 9788131222560 |
| 082 ## - DEWEY DECIMAL CLASSIFICATION NUMBER | |
| Classification number | 333.9116 MEN1;1 R |
| 100 ## - MAIN ENTRY--PERSONAL NAME | |
| Personal name | Menon, Sudha |
| 245 #0 - TITLE STATEMENT | |
| Title | Watershed management : case studies |
| 260 ## - PUBLICATION, DISTRIBUTION, ETC. (IMPRINT) | |
| Date of publication, distribution, etc. | 2008 |
| Name of publisher, distributor, etc. | ICFAI |
| Place of publication, distribution, etc. | Hyderabad |
| 300 ## - PHYSICAL DESCRIPTION | |
| Extent | xi+220 |
| 650 ## - SUBJECT ADDED ENTRY--TOPICAL TERM | |
| Topical term or geographic name as entry element | Watershed,management, , cas, studies |
| 942 ## - ADDED ENTRY ELEMENTS (KOHA) | |
| Koha item type | Books |
| 400 ## - SERIES STATEMENT/ADDED ENTRY--PERSONAL NAME [OBSOLETE, CAN/MARC], [LOCAL, USA] | |
| Personal name | Economy series |
| Date last seen | Total Checkouts | Full call number | Accession number | Old discount | Cost, replacement price | Price effective from | Category | Public note | Lost status | Damaged status | Department | Withdrawn status | bill no. | bill date | Permanent Location | Current Location | Shelving location | Entry date | Vendor | Cost, normal purchase price | Grants | Currency symbol | Conversion rate | Discount | Discount type |
|---|---|---|---|---|---|---|---|---|---|---|---|---|---|---|---|---|---|---|---|---|---|---|---|---|---|
| 26/01/2024 | 333.9116 MEN1;1 R | 73051 | 38.00 | 26/01/2024 | Books | 73051 | Central Library | 1993 | 05/01/2016 | Central Library | Central Library | Central Library | 03/03/2011 | ICFAI Press | 38.00 | MBA | RS | 1 | Rupees | ||||||
| 26/01/2024 | 333.9116 MEN1;2 R1 | 73052 | 38.00 | 26/01/2024 | Books | 73052 | F-Block Annex | 1993 | 05/01/2016 | Central Library | Central Library | F-Block Library Annex | 03/03/2011 | ICFAI Press | 38.00 | MBA | RS | 1 | Rupees |
